01105cam a2200217 a 450000100100000000500170001000800410002702000150006803500190008303500250010204000230012705000220015008200150017210000280018724500430021526000750025830000210033349000740035452004420042883000170087000000934820200929161549.0980518s1997 ve 001 0 spa  a980010982X a(DLC) 98151412 a(BoCbEI)ei 9707M0199 aDO-SdBNPcDLCdDLC00aMLCS 98/05148 (P) annbbR763p1 aRomero, Armando,d1944-13aLa piel por la piel /cArmando Romero. aCaracas, (Venezuela) :bMonte Ávila Editores Latinoamericana,c1997. a204 p. ;c21 cm.1 aContinentesaMuseo de arte contemporáneo de Caracas Sofía Imbert.1 a"Esta novela es el segundo de una trilogía de Romero, uno de los miembros más jóvenes del movimiento Nadaísta. Narra la historia de un escritor laberíntico que termina en Mérida, Venezuela, una ciudad universitaria. Uno de los logros de la novela de Romero es la representación humorística de la vida universitaria, un tema rara vez explorado en la literatura latinoamericana "- Handbook of Latin American Studies, v. 58. 0aContinentes.